[Event "Penang op 11th"]
[Site "Penang"]
[Date "2019.12.10"]
[Round "2"]
[White "Hakim, Nuh"]
[Black "Mushini, Ajay"]
[Result "1-0"]
[WhiteElo "2181"]
[BlackElo "1933"]
[PlyCount "47"]
[EventDate "2019.12.09"]
[EventType "swiss"]
[EventRounds "9"]
[EventCountry "MAS"]
[SourceTitle "CBM 193 Extra"]
[Source "ChessBase"]
[SourceDate "2020.01.31"]
[SourceVersion "1"]
[SourceVersionDate "2020.01.31"]
[SourceQuality "1"]

1. d4 d5 2. Nf3 Nf6 3. c4 c6 4. cxd5 cxd5 5. Nc3 Nc6 6. Bf4 a6 7. e3 Bg4 8. h3 Bxf3 9. Qxf3 Ne4 10. Bd3 Nxc3 11. bxc3 e6 12. Qg3 Qd7 13. 0-0 g6 14. h4 Bg7 15. h5 f5 16. hxg6 0-0-0 17. c4 Bf6 18. cxd5 Qxd5 19. Rfc1 hxg6 20. Bc4 Qd7 21. Rab1 g5 22. Bxa6 gxf4 23. Qf3 Qd5 24. Bxb7+ 1-0

[Event "Penang op 10th"]
[Site "Penang"]
[Date "2018.12.07"]
[Round "7"]
[White "Hakim, Nuh"]
[Black "Ong, Yi Herng Joel"]
[Result "1-0"]
[WhiteElo "2071"]
[BlackElo "1801"]
[PlyCount "59"]
[EventDate "2018.12.03"]
[EventType "swiss"]
[EventRounds "9"]
[EventCountry "MAS"]
[SourceTitle "CBM 187 Extra"]
[Source "ChessBase"]
[SourceDate "2018.11.04"]
[SourceVersion "1"]
[SourceVersionDate "2018.11.04"]
[SourceQuality "1"]

1. d4 Nf6 2. c4 e6 3. Nf3 Bb4+ 4. Bd2 Qe7 5. g3 d5 6. Bg2 Nc6 7. 0-0 0-0 8. Bg5 dxc4 9. Ne5 h6 10. Bxf6 Qxf6 11. Nxc6 bxc6 12. Qa4 Bd6 13. Qxc4 Rb8 14. Nd2 Rb4 15. Qc2 Qxd4 16. b3 Ba6 17. Rfe1 Bxe2 18. a3 Rb6 19. b4 Bd3 20. Qd1 Bf5 21. Qc1 Bd3 22. Bxc6 Bc5 23. Re3 Rxc6 24. Nb3 Qc4 25. Na5 Qxc1+ 26. Rxc1 Bf5 27. b5 Rd6 28. Nc6 Rc8 29. Rec3 Rd7 30. Rf3 1-0

[Event "Yogyakarta Istimewa op"]
[Site "Yogyakarta"]
[Date "2016.08.20"]
[Round "4"]
[White "Syaputra, Arifa Rizki"]
[Black "Hakim, Nuh"]
[Result "1-0"]
[WhiteElo "2053"]
[BlackElo "2164"]
[PlyCount "143"]
[EventDate "2016.08.18"]
[EventType "swiss"]
[EventRounds "9"]
[EventCountry "INA"]
[SourceTitle "EXT 2018"]
[Source "ChessBase"]
[SourceDate "2017.10.13"]
[SourceVersion "1"]
[SourceVersionDate "2017.10.13"]
[SourceQuality "1"]

1. d4 Nf6 2. c4 g6 3. Nc3 d5 4. cxd5 Nxd5 5. g3 Bg7 6. Bg2 Nxc3 7. bxc3 0-0 8. Nf3 c5 9. 0-0 cxd4 10. cxd4 Nc6 11. e3 Na5 12. Rb1 Bf5 13. Rb4 Be4 14. d5 Bxd5 15. Rb5 Bc4 16. Qxd8 Rfxd8 17. Rxa5 b6 18. Ra4 Bxf1 19. Bxf1 Rd1 20. Ba3 a5 21. Kg2 Bf6 22. Re4 Rc8 23. Bc4 Rc7 24. g4 e6 25. g5 Bc3 26. h4 Rb7 27. Bb5 Rc7 28. h5 gxh5 29. Rh4 Bg7 30. e4 Ra1 31. Bd6 Rc2 32. a4 Raa2 33. Bg3 Bf8 34. Ne5 Bd6 35. Nd3 Bxg3 36. Kxg3 Ra3 37. f3 h6 38. gxh6 Rcc3 39. Ne1 Ra1 40. Ng2 Raa3 41. Rf4 f5 42. Nh4 fxe4 43. Rxe4 Re3 44. Rd4 Kh7 45. Rd6 Re1 46. Rxb6 Kxh6 47. Ng2 Re5 48. Nf4 h4+ 49. Kg4 h3 50. Nxh3 Kg6 51. Ra6 Kf6 52. Rxa5 Ra2 53. Kg3 Ra3 54. Ra6 Ree3 55. Bc6 Rec3 56. Bd5 Ke5 57. Bc6 Kd6 58. Bb5+ Ke5 59. Bc6 Kd6 60. Be4+ Kd7 61. Nf4 e5 62. Nd5 Rc1 63. Kg4 Kc8 64. Nb6+ Kc7 65. Kf5 Rc5 66. Nd5+ Kb7 67. Rb6+ Ka7 68. Rb4 Ka6 69. Kxe5 Ka5 70. Rb8 Kxa4 71. Kd4 Rb5 72. Bc2+ 1-0